| 000 | 00666cam a22002293a 4500 | ||
|---|---|---|---|
| 001 | 30064 | ||
| 003 | PGUSA | ||
| 005 | 20140828083641.0 | ||
| 008 | 090922s2009||||xxu|||||s|||||000 | eng d | ||
| 040 |
_aPGUSA _beng |
||
| 042 | _adc | ||
| 050 | 4 | _aDS | |
| 100 | 1 |
_aKelly, R. Talbot _q(Robert Talbot), _d1861-1934 |
|
| 245 | 1 | 0 |
_aBurma : _bPeeps at Many Lands _h[electronic resource] / _cR. Talbot Kelly |
| 260 |
_bProject Gutenberg, _c2009 |
||
| 506 | _aPublic domain in the USA. | ||
| 516 | _aElectronic text | ||
| 653 | _aBurma -- Description and travel | ||
| 830 | 0 |
_aProject Gutenberg _v30064 |
|
| 856 | 4 | 0 | _uhttp://www.gutenberg.org/ebooks/30064 |
| 942 | _cEB | ||
| 999 |
_c259319 _d259319 |
||